000 00567nam a22001937a 4500
003 KOHA_MİRAKIL
005 20251123143252.0
008 251123b tu ||||| |||| 00| 0 tur d
020 _a9786257737821
040 _aTR-AnABB
_btur
_cTR-AnABB
041 _atur
082 _a823.914
_bDAV 2021
100 1 _aDavies, David Stuart,
245 1 0 _aSherlock Holmes'ün yeni maceraları /
_cDavid Stuart Davies
260 _aİstanbul :
_bİthaki Yayınları,
_c2021
300 _a172 sayfa ;
_c21 cm
650 0 4 _aİngiliz edebiyatı, roman
942 _2ddc
_cBK
999 _c9566
_d9566
900 _bGizem YORULMAZ